Statistics for Every player that scored for Dinamo Zagreb in CL

Click here to take the quiz!

General Stats

  • This quiz has been taken 17 times
  • The average score is 125 of 224

Answer Stats

YearOponnentPositionNationalityRoundPlayer% Correct
2019.SaburtaloStrikerCroatianQualifiersBruno Petković
100%
2021.Legia WarsawStrikerCroatianQualifiersBruno Petković
100%
2022.ChelseaStrikerCroatianGroup StageBruno Petković
100%
2022.ShkupiStrikerCroatianQualifiersBruno Petković
100%
2019.RosenborgStrikerCroatianQualifiersBruno Petković
100%
2019.Shakhtar DonetskStrikerCroatianGroup StageBruno Petković
100%
2022.Bodo/GlimtStrikerCroatianQualifiersBruno Petković
100%
2019.FerencvarosStrikerCroatianQualifiersBruno Petković
100%
2019.SaburtaloStrikerCroatianQualifiersBruno Petković
100%
2022.LudogoretsStrikerCroatianQualifiersBruno Petković
100%
2019.AtalantaWingerCroatianGroup StageMislav Oršić
100%
2019.AtalantaWingerCroatianGroup StageMislav Oršić
100%
2019.RosenborgWingerCroatianQualifiersMislav Oršić
100%
2022.LudogoretsWingerCroatianQualifiersMislav Oršić
100%
2021.ValurWingerCroatianQualifiersMislav Oršić
100%
2022.LudogoretsWingerCroatianQualifiersMislav Oršić
100%
2019.SaburtaloWingerCroatianQualifiersMislav Oršić
100%
2019.AtalantaWingerCroatianGroup StageMislav Oršić
100%
2018.Young BoysWingerCroatianQualifiersMislav Oršić
100%
2022.MilanWingerCroatianGroup StageMislav Oršić
100%
2018.Hapoel Beer ShevaWingerCroatianQualifiersMislav Oršić
100%
2022.Bodo/GlimtWingerCroatianQualifiersMislav Oršić
100%
2019.Shakhtar DonetskWingerCroatianGroup StageMislav Oršić
100%
2019.SaburtaloWingerCroatianQualifiersMislav Oršić
100%
2022.ChelseaWingerCroatianGroup StageMislav Oršić
100%
2019.Shakhtar DonetskMidfielderSpanishGroup StageDani Olmo
93%
2019.Manchester CityMidfielderSpanishGroup StageDani Olmo
93%
2019.FerencvarosMidfielderSpanishQualifiersDani Olmo
93%
2018.AstanaMidfielderSpanishQualifiersDani Olmo
93%
2019.FerencvarosMidfielderSpanishQualifiersDani Olmo
93%
2019.SaburtaloMidfielderSpanishQualifiersDani Olmo
93%
2021.ValurMidfielderMacedonianQualifiersArijan Ademi
87%
2019.Shakhtar DonetskMidfielderMacedonianGroup StageArijan Ademi
87%
2021.ValurMidfielderMacedonianQualifiersArijan Ademi
87%
2019.FerencvarosMidfielderMacedonianQualifiersArijan Ademi
87%
2022.ShkupiMidfielderMacedonianQualifiersArijan Ademi
87%
2022.ShkupiMidfielderMacedonianQualifiersArijan Ademi
87%
2013.Fola EschMidfielderMacedonianQualifiersArijan Ademi
87%
2018.Hapoel Beer ShevaMidfielderMacedonianQualifiersArijan Ademi
87%
2018.Hapoel Beer ShevaMidfielderMacedonianQualifiersArijan Ademi
87%
2015.MoldeMidfielderMacedonianQualifiersArijan Ademi
87%
2022.Red Bull SalzburgMidfielderAustrianGroup StageRobert Ljubičić
87%
2019.RosenborgMidfielderBosnianQualifiersAmer Gojak
80%
2020.ClujMidfielderBosnianQualifiersAmer Gojak
80%
2019.FerencvarosMidfielderBosnianQualifiersAmer Gojak
80%
2018.Young BoysWingerBosnianQualifiersIzet Hajrović
80%
2018.Hapoel Beer ShevaWingerBosnianQualifiersIzet Hajrović
80%
2018.Hapoel Beer ShevaWingerBosnianQualifiersIzet Hajrović
80%
2022.Bodo/GlimtStrikerSwissQualifiersJosip Drmić
80%
2022.LudogoretsStrikerSwissQualifiersJosip Drmić
80%
2021.ValurMidfielderCroatianQualifiersLuka Ivanušec
80%
2019.Shakhtar DonetskMidfielderCroatianGroup StageLuka Ivanušec
80%
2007.Werder BremenMidfielderCroatianQualifiersLuka Modrić
80%
2007.DomžaleMidfielderCroatianQualifiersLuka Modrić
80%
2015.SkenderbeuWingerAlgerianQualifiersHilal Soudani
73%
2015.SkenderbeuWingerAlgerianQualifiersHilal Soudani
73%
2016.Red Bull SalzburgWingerAlgerianQualifiersHilal Soudani
73%
2014.ŽalgirisWingerAlgerianQualifiersHilal Soudani
73%
2013.Fola EschWingerAlgerianQualifiersHilal Soudani
73%
2013.Fola EschWingerAlgerianQualifiersHilal Soudani
73%
2015.SkenderbeuWingerAlgerianQualifiersHilal Soudani
73%
2013.Sheriff TiraspolWingerAlgerianQualifiersHilal Soudani
73%
2014.ŽalgirisWingerAlgerianQualifiersHilal Soudani
73%
2016.Dinamo TbilsiWingerAlgerianQualifiersHilal Soudani
73%
2010.Fc KoperStrikerCroatianQualifiersMario Mandžukić
73%
2008.LinfieldStrikerCroatianQualifiersMario Mandžukić
73%
2008.LinfieldStrikerCroatianQualifiersMario Mandžukić
73%
2010.Fc KoperStrikerCroatianQualifiersMario Mandžukić
73%
2009.PyunikStrikerCroatianQualifiersMario Mandžukić
73%
2009.Red Bull SalzburgStrikerCroatianQualifiersMario Mandžukić
73%
2007.Khazar LankaranStrikerCroatianQualifiersMario Mandžukić
73%
2012.LudogoretsStrikerCroatianQualifiersAnte Rukavina
67%
2012.LudogoretsStrikerCroatianQualifiersAnte Rukavina
67%
2011.MalmoStrikerCroatianQualifiersAnte Rukavina
67%
2013.Sheriff TiraspolStrikerCroatianQualifiersAnte Rukavina
67%
2012.LudogoretsStrikerCroatianQualifiersAnte Rukavina
67%
2022.LudogoretsDefenderCroatianQualifiersDino Perić
67%
2012.LudogoretsDefenderCroatianQualifiersDomagoj Vida
67%
2012.Sheriff TiraspolDefenderCroatianQualifiersDomagoj Vida
67%
2012.Sheriff TiraspolStrikerMontenegrinQualifiersFatos Beqiraj
67%
2012.Sheriff TiraspolStrikerMontenegrinQualifiersFatos Beqiraj
67%
2013.Austria WienStrikerMontenegrinQualifiersFatos Beqiraj
67%
2011.MalmoStrikerMontenegrinQualifiersFatos Beqiraj
67%
2021.OmonoiaMidfielderCroatianQualifiersLovro Majer
67%
2021.ValurMidfielderCroatianQualifiersLovro Majer
67%
2018.AstanaStrikerSwissQualifiersMario Gavranović
67%
2010.Sheriff TiraspolMidfielderCroatianQualifiersSammir
67%
2007.DomžaleMidfielderCroatianQualifiersSammir
67%
2008.DomžaleMidfielderCroatianQualifiersSammir
67%
2011.MalmoMidfielderCroatianQualifiersSammir
67%
2011.HJK HelsinkiMidfielderCroatianQualifiersSammir
67%
2011.MalmoMidfielderCroatianQualifiersSammir
67%
2010.Sheriff TiraspolMidfielderCroatianQualifiersSammir
67%
2010.Fc KoperMidfielderCroatianQualifiersSammir
67%
1999.Sturm GrazDefenderCroatianGroup StageTomislav Rukavina
67%
1998.PortoDefenderCroatianGroup StageTomislav Rukavina
67%
2015.Fola EschStrikerChileanQualifiersAngelo Henriquez
60%
2015.MoldeStrikerChileanQualifiersAngelo Henriquez
60%
2018.Hapoel Beer ShevaStrikerBosnianQualifiersArmin Hodžić
60%
2015.OlympiacosStrikerBosnianGroup StageArmin Hodžić
60%
2015.SkenderbeuForwardBosnianQualifiersArmin Hodžić
60%
2006.EkranasStrikerCroatianQualifiersEduardo da Silva
60%
2006.EkranasStrikerCroatianQualifiersEduardo da Silva
60%
2006.ArsenalStrikerCroatianQualifiersEduardo da Silva
60%
1993.B68 ToftirStrikerCroatianQualifiersGoran Vlaović
60%
1993.B68 ToftirStrikerCroatianQualifiersGoran Vlaović
60%
1993.B68 ToftirStrikerCroatianQualifiersGoran Vlaović
60%
1993.Steaua BucurestiStrikerCroatian1st RoundGoran Vlaović
60%
1993.B68 ToftirStrikerCroatianQualifiersGoran Vlaović
60%
1993.B68 ToftirStrikerCroatianQualifiersGoran Vlaović
60%
2013.Sheriff TiraspolForwardChileanQualifiersJunior Fernandes
60%
2013.Fola EschForwardChileanQualifiersJunior Fernandes
60%
2016.Red Bull SalzburgForwardChileanQualifiersJunior Fernandes
60%
2013.Austria WienForwardChileanQualifiersJunior Fernandes
60%
2015.ArsenalForwardChileanGroup StageJunior Fernandes
60%
2022.Bodo/GlimtWingerCroatianQualifiersPetar Bočkaj
60%
2009.PyunikDefenderCroatianQualifiersDejan Lovren
53%
2020.ClujWingerKosovanQualifiersLirim Kastrati
53%
2021.OmonoiaWingerBosnianQualifiersLuka Menalo
53%
2019.AtalantaDefenderCroatianGroup StageMarin Leovac
53%
2016.VardarWingerCroatianQualifiersMarko Pjaca
53%
2016.VardarWingerCroatianQualifiersMarko Pjaca
53%
2015.Fola EschWingerCroatianQualifiersMarko Pjaca
53%
2015.Fola EschWingerCroatianQualifiersMarko Pjaca
53%
2015.MoldeWingerCroatianQualifiersMarko Pjaca
53%
2016.VardarMidfielderCroatianQualifiersMarko Rog
53%
2015.Fola EschMidfielderCroatianQualifiersMarko Rog
53%
2015.MoldeMidfielderCroatianQualifiersMarko Rog
53%
2016.Red Bull SalzburgMidfielderCroatianQualifiersMarko Rog
53%
2016.Dinamo TbilsiMidfielderCroatianQualifiersMarko Rog
53%
2011.LyonMidfielderCroatianGroup StageMateo Kovačić
53%
1998.CelticMidfielderCroatianQualifiersSilvio Marić
53%
1997.PartizanMidfielderCroatianQualifiersSilvio Marić
53%
1997.PartizanMidfielderCroatianQualifiersSilvio Marić
53%
2021.Legia WarsawMidfielderCroatianQualifiersBartol Franjić
47%
2007.Werder BremenStrikerCroatianQualifiersBoško Balaban
47%
2008.Shakhtar DonetskStrikerCroatianQualifiersBoško Balaban
47%
2007.Khazar LankaranDefenderBrazillianQualifiersEtto
47%
2010.Fc KoperDefenderBrazillianQualifiersEtto
47%
1997.Newcastle UnitedStrikerCroatianQualifiersIgor Cvitanović
47%
1997.Newcastle UnitedStrikerCroatianQualifiersIgor Cvitanović
47%
1993.B68 ToftirStrikerCroatianQualifiersIgor Cvitanović
47%
1997.PartizanStrikerCroatianQualifiersIgor Cvitanović
47%
1993.Steaua BucurestiStrikerCroatian1st RoundIgor Cvitanović
47%
1997.PartizanStrikerCroatianQualifiersIgor Cvitanović
47%
2012.Dynamo KievStrikerCroatianGroup StageIvan Krstanović
47%
2011.Neftci BakuStrikerCroatianQualifiersIvan Krstanović
47%
2011.Neftci BakuStrikerCroatianQualifiersIvan Krstanović
47%
2021.OmonoiaMidfielderCroatianQualifiersKristijan Jakić
47%
2013.Austria WienMidfielderCroatianQualifiersMarcelo Brozović
47%
2014.AalborgMidfielderCroatianQualifiersMarcelo Brozović
47%
1999.MarseilleStrikerCroatianGroup StageTomislav Šokota
47%
1999.Sturm GrazStrikerCroatianGroup StageTomislav Šokota
47%
1999.Sturm GrazStrikerCroatianGroup StageTomislav Šokota
47%
2007.DomžaleStrikerCroatianQualifiersTomo Šokota
47%
2007.DomžaleStrikerCroatianQualifiersTomo Šokota
47%
1997.Newcastle UnitedDefenderCroatianQualifiersDario Šimić
40%
2012.MariborStrikerCroatianQualifiersDuje Čop
40%
2013.Sheriff TiraspolStrikerCroatianQualifiersDuje Čop
40%
2013.Fola EschStrikerCroatianQualifiersDuje Čop
40%
2012.Sheriff TiraspolStrikerCroatianQualifiersDuje Čop
40%
2015.ArsenalDefenderCroatianGroup StageJosip Pivarić
40%
2015.SkenderbeuDefenderCroatianQualifiersJosip Pivarić
40%
1998.AjaxStrikerCroatianGroup StageJosip Šimić
40%
1999.MTK BudapestStrikerCroatianQualifiersJosip Šimić
40%
1999.MTK BudapestStrikerCroatianQualifiersJosip Šimić
40%
2012.Sheriff TiraspolDefenderArgentinianQualifiersLuis Ibanez
40%
2011.HJK HelsinkiDefenderArgentinianQualifiersLuis Ibanez
40%
1997.PartizanStrikerAustralianQualifiersMark Viduka
40%
2010.Fc KoperStrikerCzechQualifiersMiroslav Slepička
40%
2016.VardarMidfielderPortugueseQualifiersPaulo Machado
40%
2006.EkranasStrikerCroatianQualifiersDavor Vugrinec
33%
2007.Khazar LankaranStrikerCroatianQualifiersDavor Vugrinec
33%
2006.EkranasStrikerCroatianQualifiersDavor Vugrinec
33%
2009.Red Bull SalzburgStrikerGreekQualifiersDimitrios Papadopoulos
33%
2014.ŽalgirisDefenderCroatianQualifiersJosip Šimunić
33%
2003.MariborMidfielderCroatianQualifiersNiko Kranjčar
33%
2003.Dynamo KyivMidfielderCroatianQualifiersNiko Kranjčar
33%
1998.CelticMidfielderCroatianQualifiersRobert Prosinečki
33%
1999.Manchester UnitedMidfielderCroatianGroup StageRobert Prosinečki
33%
1998.CelticMidfielderCroatianQualifiersRobert Prosinečki
33%
1993.B68 ToftirMidfielderBosnianQualifiersSead Halilović
33%
2018.Hapoel Beer ShevaStrikerCroatianQualifiersMario Budimir
27%
2018.AstanaStrikerCroatianQualifiersMario Budimir
27%
2012.MariborMidfielderCroatianQualifiersMilan Badelj
27%
2009.PyunikMidfielderCroatianQualifiersMilan Badelj
27%
2011.Neftci BakuMidfielderCroatianQualifiersMilan Badelj
27%
2012.MariborDefenderPortugueseQualifiersTonel
27%
2016.Dinamo TbilsiMidfielderCroatianQualifiersAnte Ćorić
20%
2014.ŽalgirisMidfielderCroatianQualifiersDomagoj Antolić
20%
2008.DomžaleStrikerCroatianQualifiersJosip Tadić
20%
2007.Khazar LankaranStrikerCroatianQualifiersJosip Tadić
20%
1993.Steaua BucurestiMidfielderCroatian1st RoundŽeljko Adžić
20%
1993.B68 ToftirMidfielderCroatianQualifiersŽeljko Adžić
20%
2013.Fola EschStrikerCroatianQualifiersAndrej Kramarić
13%
2003.MariborDefenderCroatianQualifiersDino Drpić
13%
2008.DomžaleDefenderCroatianQualifiersDino Drpić
13%
2008.LinfieldDefenderCroatianQualifiersDino Drpić
13%
1998.PortoMidfielderBosnianGroup StageEdin Mujčin
13%
1999.MarseilleMidfielderBosnianGroup StageEdin Mujčin
13%
2008.DomžaleDefenderCroatianQualifiersIgor Bišćan
13%
1998.OlympiakosMidfielderCroatianGroup StageJoško Jeličić
13%
1993.Steaua BucurestiMidfielderCroatian1st RoundJoško Jeličić
13%
2006.EkranasMidfielderCroatianQualifiersOgnjen Vukojević
13%
2007.DomžaleMidfielderCroatianQualifiersOgnjen Vukojević
13%
2007.Werder BremenMidfielderCroatianQualifiersOgnjen Vukojević
13%
1982.Sporting LisbonMidfielderCroatian1st RoundSnješko Cerin
13%
2008.DomžaleMidfielderCroatianQualifiersIvica Vrdoljak
7%
2015.SkenderbeuDefenderFrenchQualifiersJeremy Taravel
7%
2006.EkranasMidfielderCroatianQualifiersMarijan Buljat
7%
2003.MariborDefenderCroatianQualifiersAndre Mijatović
0%
1993.B68 ToftirDefenderCroatianQualifiersDamir Lesjak
0%
1993.B68 ToftirMidfielderCroatianQualifiersDževad Turković
0%
1958.Dukla PrahaMidfielderCroatian1st RoundFranjo Gašpert
0%
2006.EkranasStrikerCroatianQualifiersGoran Ljubojević
0%
2006.EkranasStrikerCroatianQualifiersGoran Ljubojević
0%
2006.EkranasStrikerCroatianQualifiersGoran Ljubojević
0%
1958.Dukla PrahaStrikerYugoslav1st RoundLuka Lipošinović
0%
1958.Dukla PrahaStrikerYugoslav1st RoundLuka Lipošinović
0%
1998.PortoMidfielderCroatianGroup StageMihael Mikić
0%
1999.MarseilleMidfielderCroatianGroup StageMihael Mikić
0%
2008.DomžaleWingerBosnia and HerzegovinaQualifiersMirko Hrgović
0%
2000.MilanMidfielderCroatianQualifiersRenato Pilipović
0%
1993.B68 ToftirDefenderCroatianQualifiersZoran Živković
0%

Score Distribution

Percentile by Number Answered

Percent of People with Each Score

Your Score History

You have not taken this quiz